000 00472nam a2200157Ia 4500
008 210716s2014 xx 000 0 und d
020 _a9788132113713
041 _aeng
082 _a658.4095 VIEW
100 _aVieira, Walter.
245 _aWinning manager: timeless principles and corporate success.
_bTimeless principles and corporate success.
250 _a2
260 _aNew Delhi
_bSage Publications
_c2014
300 _axviii,219
650 _aGeneral Management
999 _c211482
_d211482